[Event "60. BEM 2006"]
[Site "Dortmund"]
[Date "2006.03.20"]
[Round "7.16"]
[White "Noori, Mir Ahmad"]
[Black "Büchle, Manfred"]
[Result "0-1"]
[WhiteElo "1639"]
[BlackElo "1908"]
[PlyCount "85"]
[EventDate "2006.??.??"]
[Source "SG Dortmund"]
[SourceDate "2004.12.16"]

1. d4 d5 2. e3 e6 3. Nf3 Nf6 4. Nbd2 c5 5. c3 Nc6 6. Be2 Bd6 7. b3 O-O 8. O-O
Qc7 9. Bb2 Ne4 10. Rc1 f5 11. dxc5 Bxc5 12. c4 Bd6 13. cxd5 exd5 14. a3 Be6 15.
b4 a6 16. Nb3 f4 17. exf4 Bxf4 18. Rc2 Rad8 19. Nbd4 Qd6 20. Nxc6 bxc6 21. Bd4
Bg4 22. h3 Bd7 23. Qa1 Qh6 24. Be3 Bxe3 25. fxe3 Qxe3+ 26. Kh1 Ng3+ 27. Kh2
Nxe2 28. Qe1 Qf4+ 29. g3 Qh6 30. Rxe2 Qxh3+ 31. Kg1 Rfe8 32. Rxe8+ Rxe8 33. Qf2
Rf8 34. Qh2 Qxh2+ 35. Nxh2 Rxf1+ 36. Nxf1 Kf7 37. Kf2 Kf6 38. Kf3 h5 39. Ne3
Bf5 40. Kf4 g5+ 41. Kf3 Ke5 42. Ke2 Be4 43. Kf2 0-1

[Event "60. BEM 2006"]
[Site "Dortmund"]
[Date "2006.03.20"]
[Round "7.17"]
[White "Hardt, Helmut"]
[Black "Rzoczek, Christoph"]
[Result "0-1"]
[WhiteElo "1861"]
[BlackElo "1577"]
[PlyCount "128"]
[EventDate "2006.??.??"]
[Source "SG Dortmund"]
[SourceDate "2004.12.16"]

1. e4 d5 2. exd5 Qxd5 3. Nc3 Qa5 4. d4 c6 5. Bc4 Nf6 6. Nge2 g6 7. O-O Bg7 8.
Ng3 O-O 9. Re1 Qc7 10. Qe2 e6 11. Bg5 Nbd7 12. Qd2 Nb6 13. Bb3 a6 14. Nce4 Nbd7
15. c4 b6 16. d5 Nxe4 17. Nxe4 c5 18. Bf4 e5 19. Bh6 f6 20. Ba4 Rf7 21. Bxg7
Kxg7 22. h4 Nf8 23. Rad1 Bd7 24. Bc2 Rd8 25. Re3 Bf5 26. h5 Bxe4 27. Bxe4 Qd6
28. hxg6 Nxg6 29. Rh3 Kf8 30. Qh6+ Ke7 31. Bf5 Nf4 32. Rh4 Ne2+ 33. Kh1 Nd4 34.
Bxh7 Rh8 35. Qg6 f5 36. Qg5+ Qf6 37. d6+ Kxd6 38. Qxf6+ Rxf6 39. Rh3 Rf7 40.
Bxf5 Rxh3+ 41. Bxh3 Rxf2 42. Rb1 b5 43. Kg1 Rc2 44. cxb5 axb5 45. Bg4 e4 46.
Bd1 Rd2 47. a4 bxa4 48. Bxa4 e3 49. Kf1 Rf2+ 50. Kg1 Ne2+ 51. Kh2 Rf4 52. g3
Rxa4 53. Re1 Nd4 54. Rxe3 Ra2 55. g4 Rxb2+ 56. Kg3 Rb3 57. Kf4 Rxe3 58. Kxe3
Ne6 59. Ke4 Ke7 60. Ke5 Kf7 61. Kf5 Kg7 62. g5 Nc7 63. g6 Nb5 64. Ke5 c4 0-1

[Event "60. BEM 2006"]
[Site "Dortmund"]
[Date "2006.03.20"]
[Round "7.19"]
[White "Rutmann, Ulrich"]
[Black "Sonntag, Joachim"]
[Result "1/2-1/2"]
[WhiteElo "1393"]
[BlackElo "1787"]
[PlyCount "78"]
[EventDate "2006.??.??"]
[Source "SG Dortmund"]
[SourceDate "2004.12.16"]

1. e4 c5 2. Nc3 d6 3. g3 g6 4. Bg2 Bg7 5. d3 Nc6 6. Nf3 Nf6 7. O-O O-O 8. Rb1
Bd7 9. Bg5 h6 10. Bd2 Kh7 11. Re1 Ng4 12. Nd5 e6 13. Nc3 Nge5 14. Qc1 Nxf3+ 15.
Bxf3 Qf6 16. Bg2 Ne5 17. Bf4 Qe7 18. Qd1 Bc6 19. Ne2 Rad8 20. Bd2 d5 21. exd5
Bxd5 22. Bxd5 Rxd5 23. Nf4 Rdd8 24. Bc3 Qc7 25. Qe2 Nc6 26. Bxg7 Kxg7 27. c4 e5
28. Ng2 Rfe8 29. Qf3 Re6 30. Rbd1 Rf6 31. Qe4 Rfd6 32. f4 f5 33. Qf3 R6d7 34.
Qe2 Re7 35. Qf2 b6 36. b3 e4 37. dxe4 Rxe4 38. Rxd8 Rxe1+ 39. Qxe1 Qxd8 1/2-1/2

[Event "60. BEM 2006"]
[Site "Dortmund"]
[Date "2006.03.20"]
[Round "7.20"]
[White "Klein, Hans-Joachim"]
[Black "Schaefer, Ulrich"]
[Result "1-0"]
[WhiteElo "1781"]
[BlackElo "1412"]
[PlyCount "79"]
[EventDate "2006.??.??"]
[Source "SG Dortmund"]
[SourceDate "2004.12.16"]

1. d4 Nf6 2. a3 e6 3. c4 c5 4. d5 exd5 5. cxd5 d6 6. Nc3 Be7 7. h3 O-O 8. Nf3
Bf5 9. Bf4 Qa5 10. Qd2 Nbd7 11. e4 Bg6 12. Bd3 a6 13. O-O b5 14. Qe3 c4 15. Bc2
Nc5 16. Nd4 Qc7 17. Rfe1 Rfe8 18. Nc6 Nfd7 19. Nxe7+ Rxe7 20. Qg3 Nb7 21. Rad1
Rae8 22. f3 Ne5 23. Be3 Nc5 24. Bd4 Ncd3 25. Bxd3 Nxd3 26. Re2 Qd7 27. h4 Ne5
28. f4 Qg4 29. Kh2 Qxg3+ 30. Kxg3 Nd3 31. Kf3 a5 32. f5 b4 33. axb4 axb4 34.
Nb5 Bxf5 35. Nxd6 Bxe4+ 36. Rxe4 Rxe4 37. Nxe4 Ra8 38. Nd6 f6 39. Nxc4 Ne5+ 40.
Nxe5 1-0

[Event "60. BEM 2006"]
[Site "Dortmund"]
[Date "2006.03.20"]
[Round "7.21"]
[White "Gennat, Egon L"]
[Black "Vojdani, Bahram"]
[Result "0-1"]
[WhiteElo "1380"]
[BlackElo "1657"]
[PlyCount "66"]
[EventDate "2006.??.??"]
[Source "SG Dortmund"]
[SourceDate "2004.12.16"]

1. d4 Nf6 2. Nc3 d5 3. Nf3 e6 4. Bf4 Bd6 5. Bg5 h6 6. Bh4 c6 7. a3 Nbd7 8. e4
dxe4 9. Nxe4 Be7 10. Bd3 O-O 11. Qd2 Nxe4 12. Bxe7 Nxd2 13. Bxd8 Nxf3+ 14. gxf3
Rxd8 15. Rg1 Nf6 16. c3 c5 17. Ke2 cxd4 18. c4 Nh5 19. Kd2 Nf4 20. Rae1 Bd7 21.
b4 Nxd3 22. Kxd3 Rac8 23. Rg3 a6 24. h4 h5 25. Reg1 g6 26. Rg5 Kh7 27. Re5 f6
28. Re2 e5 29. Rg3 Bf5+ 30. Kd2 Rxc4 31. f4 e4 32. Rb3 Rdc8 33. Kd1 Rc1+ 0-1

[Event "60. BEM 2006"]
[Site "Dortmund"]
[Date "2006.03.20"]
[Round "7.22"]
[White "Orlowski, Wilfried"]
[Black "Schröder, Marcel"]
[Result "1-0"]
[WhiteElo "1590"]
[BlackElo "1452"]
[PlyCount "101"]
[EventDate "2006.??.??"]
[Source "SG Dortmund"]
[SourceDate "2004.12.16"]

1. c4 Nf6 2. Nc3 e5 3. d3 Bb4 4. Bd2 Nc6 5. e4 d6 6. Be2 O-O 7. h3 Nd4 8. Nf3
Bc5 9. O-O Nxe2+ 10. Qxe2 Nh5 11. a3 Ng3 12. Qd1 Nxf1 13. Kxf1 h6 14. Rb1 a6
15. b4 Bb6 16. Qc1 f5 17. Qd1 f4 18. Nd5 c6 19. Nxb6 Qxb6 20. c5 dxc5 21. bxc5
Qc7 22. Qb3+ Qf7 23. Nxe5 Qxb3 24. Rxb3 g5 25. f3 Rd8 26. Bc3 a5 27. a4 Ra7 28.
Ke2 Be6 29. Rb6 Kf8 30. Kd2 Kg8 31. Kc2 Kf8 32. d4 Kg8 33. d5 Bxd5 34. exd5
Rxd5 35. Nd3 Kf7 36. Be5 Rd8 37. Bd6 Kg6 38. Ne5+ Kh5 39. Ng4 Kg6 40. Kd3 Re8
41. Ne5+ Kf5 42. Kd4 h5 43. Rb1 h4 44. Rb2 Rd8 45. Re2 Re8 46. Re4 Ra6 47. Nxc6
Rxe4+ 48. fxe4+ Ke6 49. Nd8+ Kd7 50. Nf7 Kc6 51. Ne5# 1-0

[Event "60. BEM 2006"]
[Site "Dortmund"]
[Date "2006.03.20"]
[Round "7.23"]
[White "Benke, Werner"]
[Black "Grawe, Herbert"]
[Result "0-1"]
[WhiteElo "1552"]
[BlackElo "1477"]
[PlyCount "75"]
[EventDate "2006.??.??"]
[Source "SG Dortmund"]
[SourceDate "2004.12.16"]

1. e4 Nc6 2. Nf3 e5 3. Bc4 h6 4. O-O Bc5 5. a3 a6 6. b4 Ba7 7. Bb2 d6 8. h3 Nf6
9. d3 O-O 10. Nc3 Ne7 11. Ne2 Ng6 12. c3 Be6 13. Bb3 Qe7 14. Qc2 Nh5 15. Kh2
Kh7 16. d4 f5 17. Bxe6 Qxe6 18. c4 Nhf4 19. Nxf4 Nxf4 20. exf5 Qxf5 21. Qxf5+
Rxf5 22. Nh4 Rh5 23. g3 Nd3 24. Bc3 exd4 25. Be1 Rf8 26. Rd1 Ne5 27. f4 Nxc4
28. Bf2 c5 29. Rfe1 b5 30. Re7 Bb6 31. bxc5 dxc5 32. Re6 Rf6 33. Rxf6 gxf6 34.
Ra1 Rd5 35. Re1 Rd7 36. Re6 d3 37. Rxf6 d2 38. Nf5 0-1

[Event "60. BEM 2006"]
[Site "Dortmund"]
[Date "2006.03.20"]
[Round "7.24"]
[White "Stiebel, Erhard"]
[Black "Baier, Jörg"]
[Result "1/2-1/2"]
[WhiteElo "1548"]
[BlackElo "1388"]
[PlyCount "49"]
[EventDate "2006.??.??"]
[Source "SG Dortmund"]
[SourceDate "2004.12.16"]

1. d4 b6 2. Nf3 Bb7 3. e3 e6 4. Bd3 f5 5. O-O Nf6 6. Nbd2 Be7 7. Re1 Nc6 8. c3
O-O 9. Ne5 Nxe5 10. dxe5 Ne4 11. f4 Nxd2 12. Bxd2 Qe8 13. Qe2 a5 14. e4 fxe4
15. Bxe4 Bxe4 16. Qxe4 c6 17. b4 axb4 18. cxb4 b5 19. Re3 Ra4 20. Rh3 g6 21.
Qe1 Qa8 22. a3 c5 23. Rd1 cxb4 24. Bxb4 Qa7+ 25. Kh1 1/2-1/2

[Event "60. BEM 2006"]
[Site "Dortmund"]
[Date "2006.03.20"]
[Round "7.26"]
[White "Schrimpl, Michael"]
[Black "Clausen, Dirk"]
[Result "0-1"]
[WhiteElo "1497"]
[BlackElo "1287"]
[PlyCount "68"]
[EventDate "2006.??.??"]
[Source "SG Dortmund"]
[SourceDate "2004.12.16"]

1. c4 e5 2. Nc3 Nc6 3. Nf3 Nf6 4. g3 d6 5. Bg2 Be6 6. d3 Qd7 7. O-O Bh3 8. a3
Bxg2 9. Kxg2 Be7 10. b4 O-O 11. b5 Nd4 12. e3 Ne6 13. Qc2 a6 14. d4 exd4 15.
Nxd4 axb5 16. Nxe6 fxe6 17. cxb5 Ng4 18. Qe4 Bf6 19. Bb2 Nh6 20. a4 d5 21. Qc2
Ng4 22. h3 Ne5 23. Ne2 Nc4 24. Bxf6 Rxf6 25. Rfd1 Raf8 26. Nf4 Qe7 27. h4 Qc5
28. Kg1 c6 29. bxc6 Qxc6 30. Nh3 Qe8 31. Rd4 Qc8 32. Ng5 g6 33. Rf1 b6 34. Kg2
Nxe3+ 0-1

[Event "60. BEM 2006"]
[Site "Dortmund"]
[Date "2006.03.20"]
[Round "7.27"]
[White "Sennholz, Michael"]
[Black "Krüger, Inge"]
[Result "1-0"]
[WhiteElo "1674"]
[BlackElo "1351"]
[PlyCount "67"]
[EventDate "2006.??.??"]
[Source "SG Dortmund"]
[SourceDate "2004.12.16"]

1. e4 e6 2. d3 d5 3. Nd2 Nf6 4. e5 Nfd7 5. d4 c5 6. c3 cxd4 7. cxd4 Nc6 8. Ngf3
Be7 9. a3 O-O 10. Bd3 a6 11. O-O b5 12. Qc2 f5 13. Qxc6 Nb6 14. Qc2 Bd7 15. Nb3
Na4 16. Qe2 h6 17. Bd2 Qe8 18. Ba5 Bc6 19. Rac1 Qd7 20. Qd2 Rfc8 21. Bb4 Bxb4
22. Qxb4 Nxb2 23. Nc5 Nxd3 24. Nxd7 Nxb4 25. Nb6 Nd3 26. Rc2 Nf4 27. Nxc8 Rxc8
28. Rfc1 a5 29. Rxc6 Ne2+ 30. Kf1 Rxc6 31. Rxc6 Nf4 32. g3 Ng6 33. Rxe6 Kf7 34.
Rb6 1-0

[Event "60. BEM 2006"]
[Site "Dortmund"]
[Date "2006.03.20"]
[Round "7.28"]
[White "Mueller, Siegfried"]
[Black "Fahle, Karl-Wilhelm"]
[Result "1-0"]
[WhiteElo "1555"]
[BlackElo "1185"]
[PlyCount "78"]
[EventDate "2006.??.??"]
[Source "SG Dortmund"]
[SourceDate "2004.12.16"]

1. d4 Nf6 2. c4 e6 3. a3 c5 4. Nf3 b6 5. Bg5 Be7 6. Nc3 Bb7 7. e3 a6 8. Bd3 d5
9. cxd5 Nxd5 10. Bxe7 Qxe7 11. Nxd5 Bxd5 12. e4 Bb7 13. O-O O-O 14. Qc2 Nd7 15.
Rfe1 Rac8 16. d5 e5 17. Qe2 b5 18. b3 h6 19. a4 c4 20. bxc4 bxc4 21. Bxc4 Qd6
22. Rab1 Nc5 23. Rec1 Rc7 24. a5 Kh8 25. Rb6 Qd7 26. Nxe5 Qe7 27. d6 Qxe5 28.
dxc7 Bxe4 29. f3 Qd4+ 30. Kh1 Bd3 31. Bxd3 Nxd3 32. Rf1 Qc4 33. Rb8 Kg8 34.
Rxf8+ Kxf8 35. c8=Q+ Qxc8 36. Qxd3 g6 37. Qd4 Qe6 38. Rd1 g5 39. Qh8+ Ke7 1-0

[Event "60. BEM 2006"]
[Site "Dortmund"]
[Date "2006.03.20"]
[Round "7.29"]
[White "Skoecz, Horst"]
[Black "Dedeck, Sylvia"]
[Result "1-0"]
[WhiteElo "1456"]
[BlackElo "984"]
[PlyCount "35"]
[EventDate "2006.??.??"]
[Source "SG Dortmund"]
[SourceDate "2004.12.16"]

1. e4 e5 2. Nf3 Nc6 3. d4 exd4 4. Nxd4 d6 5. Nxc6 bxc6 6. Bd3 Be7 7. O-O Nf6 8.
Be3 O-O 9. Qd2 Bb7 10. f3 c5 11. c4 Nd7 12. Nc3 c6 13. f4 Nb6 14. a3 a5 15. Qe2
d5 16. exd5 cxd5 17. Qh5 d4 18. Qxh7# 1-0

[Event "60. BEM 2006"]
[Site "Dortmund"]
[Date "2006.03.20"]
[Round "7.30"]
[White "Sölbrandt, Robin"]
[Black "Jentzsch, Werner Wilfried"]
[Result "0-1"]
[WhiteElo "1336"]
[BlackElo "1429"]
[PlyCount "32"]
[EventDate "2006.??.??"]
[Source "SG Dortmund"]
[SourceDate "2004.12.16"]

1. e4 e6 2. d4 d5 3. e5 c5 4. c3 Qb6 5. Nf3 Nc6 6. Bd3 Bd7 7. Bc2 h6 8. O-O
O-O-O 9. Na3 f5 10. b3 g5 11. h3 g4 12. hxg4 fxg4 13. Ne1 cxd4 14. cxd4 Nxd4
15. Qxg4 h5 16. Qg3 Ne2+ 0-1

[Event "60. BEM 2006"]
[Site "Dortmund"]
[Date "2006.03.20"]
[Round "7.31"]
[White "Marienfeld, Udo"]
[Black "Sroka, Andreas"]
[Result "0-1"]
[WhiteElo "1220"]
[BlackElo "1342"]
[PlyCount "46"]
[EventDate "2006.??.??"]
[Source "SG Dortmund"]
[SourceDate "2004.12.16"]

1. e4 c5 2. Nf3 e6 3. d4 cxd4 4. Nxd4 Nc6 5. Bc4 Nf6 6. Bg5 Qa5+ 7. Bd2 Qe5 8.
Nxc6 Qxe4+ 9. Qe2 Qxg2 10. Rf1 Qxc6 11. Nc3 a6 12. O-O-O b5 13. Bd3 Bb7 14. Bf4
Rc8 15. a3 Bxa3 16. Nxb5 Bxb2+ 17. Kxb2 axb5 18. Bxb5 Qc3+ 19. Kc1 Qa1+ 20. Kd2
Qd4+ 21. Ke1 Qxf4 22. Rxd7 Nxd7 23. Qd3 Qe4+ 0-1

[Event "60. BEM 2006"]
[Site "Dortmund"]
[Date "2006.03.20"]
[Round "7.32"]
[White "Pachura, Karl-Heinz"]
[Black "Hansen, Jochen"]
[Result "1-0"]
[WhiteElo "1309"]
[BlackElo "1232"]
[PlyCount "89"]
[EventDate "2006.??.??"]
[Source "SG Dortmund"]
[SourceDate "2004.12.16"]

1. e4 c5 2. Nf3 d6 3. d4 cxd4 4. Nxd4 Nf6 5. Nc3 a6 6. Bd3 e5 7. Nf3 Be7 8. Nd5
Nbd7 9. Nxe7 Qxe7 10. Bg5 O-O 11. Nh4 h6 12. Nf5 Qe6 13. Bd2 b5 14. h3 Bb7 15.
Ng3 Nc5 16. Qe2 d5 17. f3 Rad8 18. Bb4 Qc6 19. O-O Qb6 20. Kh1 Qc6 21. Qe3 d4
22. Qd2 Rfe8 23. Bxc5 Qxc5 24. Rfe1 Nh5 25. Nxh5 Qd6 26. Ng3 Qg6 27. Qf2 Rd6
28. Nf1 Qg5 29. Qg3 Qh5 30. Qg4 Qxg4 31. hxg4 Bc8 32. Nh2 Rg6 33. Kg1 Rg5 34.
Kf2 Re6 35. Rg1 Reg6 36. a4 h5 37. gxh5 Rxh5 38. Rh1 Rhg5 39. Rhg1 Rh6 40. Nf1
Rf6 41. axb5 Rfg6 42. bxa6 Bh3 43. g3 Rb6 44. b3 Rgg6 45. a7 1-0

[Event "60. BEM 2006"]
[Site "Dortmund"]
[Date "2006.03.20"]
[Round "7.33"]
[White "Bötzel, Sascha"]
[Black "Hast, Stefan"]
[Result "1-0"]
[WhiteElo "1300"]
[BlackElo "1169"]
[PlyCount "35"]
[EventDate "2006.??.??"]
[Source "SG Dortmund"]
[SourceDate "2004.12.16"]

1. d4 Nf6 2. c4 d6 3. Nf3 g6 4. g3 b6 5. Nc3 Bb7 6. Bg2 Bg7 7. O-O O-O 8. Re1
c5 9. d5 e6 10. e4 Nbd7 11. dxe6 Nb8 12. exf7+ Rxf7 13. Ng5 Re7 14. Nd5 Nxd5
15. exd5 Rxe1+ 16. Qxe1 Bc8 17. Rb1 Nd7 18. Qe6+ 1-0

[Event "60. BEM 2006"]
[Site "Dortmund"]
[Date "2006.03.21"]
[Round "8.1"]
[White "Eismont, Igor"]
[Black "Goldschmidt, Christian"]
[Result "1/2-1/2"]
[WhiteElo "2239"]
[BlackElo "2085"]
[PlyCount "82"]
[EventDate "2006.??.??"]
[Source "SG Dortmund"]
[SourceDate "2004.12.16"]

1. d4 d5 2. Nf3 e6 3. c4 c6 4. Qc2 Nf6 5. Bg5 Nbd7 6. cxd5 exd5 7. Nc3 Be7 8.
e3 O-O 9. Bd3 Re8 10. O-O Nf8 11. h3 g6 12. Ne5 Ne6 13. f4 Ng7 14. g4 Ne4 15.
Nxe4 dxe4 16. Bc4 Be6 17. Bh6 Bxc4 18. Qxc4 Qd5 19. Bxg7 Kxg7 20. g5 f6 21.
gxf6+ Bxf6 22. Rac1 Qxc4 23. Rxc4 Rad8 24. Rc5 Bxe5 25. fxe5 Rf8 26. b4 Rxf1+
27. Kxf1 Kf7 28. Kg2 Ke6 29. Kg3 Rf8 30. b5 cxb5 31. Rxb5 Rf3+ 32. Kg4 b6 33.
a4 Rxe3 34. a5 Rf3 35. axb6 h5+ 36. Kg5 axb6 37. Rxb6+ Ke7 38. Kxg6 e3 39. Rb1
Ke6 40. Kxh5 e2 41. Re1 Rxh3+ 1/2-1/2

[Event "60. BEM 2006"]
[Site "Dortmund"]
[Date "2006.03.21"]
[Round "8.2"]
[White "Tkachuk, Sergiy"]
[Black "Hartung, Thomas"]
[Result "1-0"]
[WhiteElo "2068"]
[BlackElo "1866"]
[PlyCount "99"]
[EventDate "2006.??.??"]
[Source "SG Dortmund"]
[SourceDate "2004.12.16"]

1. e4 e5 2. Nf3 Nc6 3. Bc4 Nf6 4. d4 exd4 5. e5 d5 6. Bb5 Ne4 7. Nxd4 Bd7 8.
Bxc6 bxc6 9. O-O Bc5 10. f3 Ng5 11. f4 Ne4 12. Be3 O-O 13. Nd2 Bxd4 14. Bxd4
Nxd2 15. Qxd2 Bf5 16. b4 Qh4 17. Qc3 Qh6 18. a4 a6 19. h3 Qg6 20. Rf2 h5 21.
Kh2 Rab8 22. Rg1 Rfe8 23. Qd2 Re6 24. c3 Rbe8 25. Qe2 Bd3 26. Qf3 Qf5 27. g4
hxg4 28. Rxg4 Be4 29. Qg3 Rg6 30. Rg5 Rxg5 31. fxg5 Qg6 32. Qg4 Qe6 33. Qe2 Ra8
34. a5 Qg6 35. Qg4 Bd3 36. Qd7 Qe6 37. Qxc7 Re8 38. Qd6 Qc8 39. Rf4 Re6 40. Qc5
Qd7 41. Qb6 c5 42. Qxc5 Rc6 43. Qa7 Qxa7 44. Bxa7 Rxc3 45. Bc5 Bc4 46. e6 Rc2+
47. Kg3 d4 48. e7 Re2 49. Rxd4 Bb5 50. h4 1-0

[Event "60. BEM 2006"]
[Site "Dortmund"]
[Date "2006.03.21"]
[Round "8.3"]
[White "Zelt, Jens"]
[Black "Barskij, Aleksandr"]
[Result "1-0"]
[WhiteElo "2036"]
[BlackElo "1891"]
[PlyCount "123"]
[EventDate "2006.??.??"]
[Source "SG Dortmund"]
[SourceDate "2004.12.16"]

1. d4 Nf6 2. Nf3 g6 3. c3 Bg7 4. Bf4 O-O 5. h3 d6 6. e3 Nfd7 7. Nbd2 e5 8. dxe5
dxe5 9. Bg3 Nc6 10. Be2 Qe7 11. Qc2 a5 12. O-O f5 13. Rfe1 g5 14. a4 e4 15. Nd4
Nde5 16. Nxc6 Nxc6 17. f4 exf3 18. Bxf3 Ne5 19. Bd5+ Kh8 20. Nc4 c6 21. Bxe5
Bxe5 22. Nxe5 Qxe5 23. Bc4 b5 24. Bf1 Be6 25. axb5 cxb5 26. Qd3 Bc4 27. Qd4
Rfe8 28. Bxc4 Qxd4 29. exd4 Rxe1+ 30. Rxe1 bxc4 31. Re5 Rb8 32. Rxa5 Rxb2 33.
Ra4 Kg7 34. Rxc4 Kf6 35. Rc6+ Ke7 36. Rc5 Kf6 37. c4 f4 38. Rc7 Rd2 39. Rd7 Ke6
40. Rd8 Ke7 41. Rd5 Ke6 42. Kf1 h5 43. Rxg5 Rxd4 44. c5 h4 45. Rh5 Rc4 46. Ke2
Rc3 47. Rxh4 Ke5 48. Kd2 Ra3 49. Rg4 f3 50. gxf3 Rxf3 51. Rh4 Kd5 52. Rh5+ Kc6
53. Ke2 Rc3 54. h4 Ra3 55. Kf2 Rc3 56. Kg2 Rc2+ 57. Kf3 Rc3+ 58. Kf2 Rc4 59.
Rh8 Rxc5 60. Rc8+ Kd6 61. Rxc5 Kxc5 62. h5 1-0

[Event "60. BEM 2006"]
[Site "Dortmund"]
[Date "2006.03.21"]
[Round "8.4"]
[White "Zeldin, Vitali"]
[Black "Zimmermann, Dirk"]
[Result "1-0"]
[WhiteElo "1886"]
[BlackElo "2006"]
[PlyCount "178"]
[EventDate "2006.??.??"]
[Source "SG Dortmund"]
[SourceDate "2004.12.16"]

1. e4 d6 2. d4 Nf6 3. Nc3 c6 4. f3 b5 5. a3 a6 6. Be3 Nbd7 7. Qd2 e5 8. Nge2
Bb7 9. h4 h5 10. Bg5 Be7 11. g3 Nb6 12. b3 Nfd7 13. Bh3 Bxg5 14. hxg5 Qe7 15.
O-O g6 16. Rad1 O-O-O 17. a4 Kb8 18. axb5 cxb5 19. Bxd7 Qxd7 20. Kg2 Rhe8 21.
d5 f5 22. Qe3 Qc7 23. Rd2 Rf8 24. Rfd1 Nd7 25. Na2 Qb6 26. Qxb6 Nxb6 27. Nb4
fxe4 28. fxe4 Kc7 29. Ra1 Ra8 30. Ra5 Nd7 31. Nd3 Rac8 32. Ra1 Rf7 33. Rf1 Rxf1
34. Kxf1 Rf8+ 35. Kg2 Kb6 36. b4 Kc7 37. Nb2 Nb6 38. c4 bxc4 39. Nxc4 Nxc4 40.
Rc2 Kb6 41. Rxc4 Rc8 42. Rxc8 Bxc8 43. Nc3 a5 44. bxa5+ Kxa5 45. Nd1 Kb4 46.
Ne3 Kc5 47. Nf5 Bd7 48. Ne7 Be8 49. Kf3 Kb6 50. Ke3 Kc7 51. Kd3 Kd8 52. Ng8
Bb5+ 53. Kc3 Kc7 54. Ne7 Be8 55. Kb4 Kb6 56. Ng8 Bb5 57. Ne7 Be8 58. Kc3 Kc7
59. Kd3 Kd8 60. Ng8 Kc7 61. Ke3 Kd8 62. Kf3 Ba4 63. Nf6 Ke7 64. Ke3 Bc2 65. Kd2
Bb1 66. Kc3 Kd8 67. Kb4 Ke7 68. Kb5 Bc2 69. Kc6 Bb1 70. Kb6 Bc2 71. Kb5 Bd3+
72. Kb4 Ba6 73. Kc3 Bb5 74. Kd2 Kd8 75. Ke3 Ba4 76. Kf3 Bd1+ 77. Kg2 Kc7 78.
Kh3 Ba4 79. Kh4 Kd8 80. Kh3 Ke7 81. Kg2 Bc2 82. Kf2 Ba4 83. Ke3 Bc2 84. Kd2 Ba4
85. Ng8+ Kd7 86. Kc3 Bb5 87. Nf6+ Ke7 88. Kb4 Bd3 89. Ka5 Bc2 {
und Schwarz ueberschritt die Zeit} 1-0

[Event "60. BEM 2006"]
[Site "Dortmund"]
[Date "2006.03.21"]
[Round "8.5"]
[White "Begna, Bozidar"]
[Black "Kolodziej, Dennis"]
[Result "1-0"]
[WhiteElo "2002"]
[BlackElo "1727"]
[PlyCount "161"]
[EventDate "2006.??.??"]
[Source "SG Dortmund"]
[SourceDate "2004.12.16"]

1. e4 e5 2. Nf3 Nc6 3. Bb5 a6 4. Ba4 d6 5. Bxc6+ bxc6 6. d4 exd4 7. Qxd4 Bg4 8.
Qc4 Qd7 9. Ng5 h6 10. Nf3 Be7 11. Nc3 Bf6 12. h3 Be6 13. Qd3 Ne7 14. Bf4 g5 15.
Bg3 Ng6 16. O-O-O Bg7 17. e5 d5 18. Nd4 Nxe5 19. Bxe5 Bxe5 20. Rhe1 Bxd4 21.
Qxd4 Ke7 22. f4 gxf4 23. Qxf4 Qc8 24. Qh4+ Kf8 25. Qf6 Rh7 26. Rd3 Ke8 27. Rg3
Kd7 28. Na4 Qh8 29. Nc5+ Kd6 30. Qf2 Rb8 31. c3 Rb5 32. Nd3 Rg7 33. Qf4+ Kd7
34. Ne5+ Kc8 35. Nxc6 Kb7 36. Nd8+ Qxd8 37. Rxg7 d4 38. Qxd4 Rd5 39. Qe4 Qf6
40. Rg3 c6 41. Qf3 Rf5 42. Qe3 Ra5 43. a3 Rd5 44. Rg8 Rf5 45. Qd4 Qxd4 46. cxd4
Rf2 47. Re3 Rf4 48. Rh8 Rf1+ 49. Kd2 Rf2+ 50. Re2 Rf6 51. Kc3 Kb6 52. b4 Rg6
53. g4 Rf6 54. Re3 Kc7 55. a4 Kb6 56. a5+ Kc7 57. Rf8 Bd5 58. Rh8 Be6 59. Rh7
Kd6 60. Kd3 Bd5 61. Rh8 Kc7 62. h4 Be6 63. g5 hxg5 64. hxg5 Rg6 65. Rg3 f6 66.
Rh5 fxg5 67. Rhxg5 Rxg5 68. Rxg5 Bd5 69. Ke3 Bh1 70. Kf4 Bd5 71. Rxd5 cxd5 72.
Ke5 Kc6 73. Ke6 Kb5 74. Kxd5 Kxb4 75. Ke6 Kxa5 76. d5 Kb4 77. d6 a5 78. d7 a4
79. d8=Q Kb3 80. Qd1+ Kb4 81. Qa1 1-0

[Event "60. BEM 2006"]
[Site "Dortmund"]
[Date "2006.03.21"]
[Round "8.6"]
[White "Tkachuk, Konstantyn"]
[Black "Grube, Jörg"]
[Result "1-0"]
[WhiteElo "1927"]
[BlackElo "1776"]
[PlyCount "59"]
[EventDate "2006.??.??"]
[Source "SG Dortmund"]
[SourceDate "2004.12.16"]

1. e4 e5 2. Nf3 d6 3. d4 Nf6 4. Nc3 Nbd7 5. Bc4 Be7 6. O-O O-O 7. h3 c6 8. Bb3
b6 9. Qe2 Bb7 10. a4 a6 11. Bg5 Qc7 12. Rad1 Rae8 13. Bh4 Nh5 14. Bxe7 Rxe7 15.
g3 g6 16. Qc4 Ndf6 17. Kg2 Bc8 18. dxe5 dxe5 19. Rd2 Ng7 20. Rfd1 Ne6 21. Rd6
Bb7 22. Nxe5 Ne8 23. Rd7 Qxe5 24. Rxe7 Nf4+ 25. gxf4 Qxe7 26. Qd3 Qf6 27. Qd7
Ba8 28. Qg4 h5 29. Qg5 Qg7 30. Rd8 1-0

[Event "60. BEM 2006"]
[Site "Dortmund"]
[Date "2006.03.21"]
[Round "8.7"]
[White "Mrozinski, Werner"]
[Black "Naundorf, Maik"]
[Result "1-0"]
[WhiteElo "1899"]
[BlackElo "2061"]
[PlyCount "81"]
[EventDate "2006.??.??"]
[Source "SG Dortmund"]
[SourceDate "2004.12.16"]

1. Nf3 b6 2. g3 Bb7 3. Bg2 g6 4. O-O Bg7 5. d4 e6 6. c4 Ne7 7. Nc3 d6 8. b4 Nd7
9. Bb2 O-O 10. Qb3 a6 11. e3 h6 12. a4 a5 13. bxa5 Rxa5 14. Ba3 Qa8 15. Ne1
Bxg2 16. Nxg2 e5 17. Nb5 Rc8 18. Bb4 Ra6 19. Ra2 Nc6 20. Rd1 Na5 21. Qd3 Nc6
22. Qb3 Ndb8 23. Be1 Na5 24. Qd3 Nb7 25. Rda1 Nc6 26. f4 exd4 27. exd4 Nba5 28.
f5 Ne7 29. fxg6 fxg6 30. Nf4 Qc6 31. Re2 Re8 32. Bc3 Raa8 33. Ne6 Nf5 34. Nbxc7
Rxe6 35. Nxe6 d5 36. cxd5 Qxd5 37. Nxg7 Kxg7 38. Re5 Qc4 39. Qxc4 Nxc4 40. Re6
Kf7 41. Rc6 1-0

[Event "60. BEM 2006"]
[Site "Dortmund"]
[Date "2006.03.21"]
[Round "8.8"]
[White "Raskin, Vitali"]
[Black "Borjini, Mohamed"]
[Result "1/2-1/2"]
[WhiteElo "1663"]
[BlackElo "1979"]
[PlyCount "89"]
[EventDate "2006.??.??"]
[Source "SG Dortmund"]
[SourceDate "2004.12.16"]

1. d4 Nf6 2. c4 e6 3. Nc3 c5 4. e3 cxd4 5. exd4 d6 6. Nf3 Be7 7. Be2 O-O 8. O-O
a6 9. Bg5 Nbd7 10. Qc2 b6 11. Rac1 Bb7 12. a3 Rc8 13. Qd3 Re8 14. Rfe1 d5 15.
cxd5 exd5 16. Ne5 Nxe5 17. dxe5 Ne4 18. Bxe7 Qxe7 19. Nxe4 dxe4 20. Qd4 Qg5 21.
Qe3 Qxe3 22. fxe3 Rxe5 23. Rxc8+ Bxc8 24. Rd1 Kf8 25. Rd8+ Re8 26. Rd6 b5 27.
a4 bxa4 28. Bxa6 Be6 29. Rd4 f5 30. Rxa4 Rb8 31. b4 g5 32. b5 Ke7 33. Rd4 Kf6
34. g4 Ke5 35. gxf5 Bxf5 36. Kf2 Be6 37. Rb4 Rb6 38. Rb1 h5 39. Rc1 Bd5 40. Rc7
Rf6+ 41. Ke2 g4 42. Bc8 Rf3 43. b6 Rh3 44. b7 Rxh2+ 45. Kf1 1/2-1/2

[Event "60. BEM 2006"]
[Site "Dortmund"]
[Date "2006.03.21"]
[Round "8.9"]
[White "Gorzinski, Dariusz"]
[Black "Werner, Patrick"]
[Result "1-0"]
[WhiteElo "1830"]
[BlackElo "1691"]
[PlyCount "58"]
[EventDate "2006.??.??"]
[Source "SG Dortmund"]
[SourceDate "2004.12.16"]

1. c4 Nf6 2. g3 g6 3. Bg2 Bg7 4. Nc3 O-O 5. e4 d6 6. Nge2 c6 7. O-O e5 8. d3
Nbd7 9. h3 a5 10. Be3 Ne8 11. f4 Nc7 12. f5 g5 13. Qd2 h6 14. h4 Bf6 15. g4 Ne8
16. Kf2 gxh4 17. Bxh6 Kh7 18. g5 Bg7 19. Rh1 Bxh6 20. Rxh4 Kg7 21. Rxh6 Rh8 22.
Rah1 Rxh6 23. Rxh6 Nc5 24. f6+ Kg8 25. Ng3 Qb6 26. Kf1 Nxd3 27. Qxd3 Qxb2 28.
Nge2 Bg4 29. Bf3 Qc1+ 1-0